| 000 | 00763nam a22002177a 4500 | ||
|---|---|---|---|
| 999 |
_c13944 _d13944 |
||
| 003 | AR-CdUCM | ||
| 008 | 190417b ||||| |||| 00| 0 spa d | ||
| 040 |
_aMUNICIPALIDAD PROVINCIAL DEL CUSCO _cBIBLIOTECA MUNICIPAL DEL CUSCO |
||
| 082 |
_a709.85 / _bS12 |
||
| 100 |
_aSabogal, José _921983 |
||
| 245 | _aDel arte en el Perú y otros ensayos / | ||
| 260 |
_aLima : _bHumboldt, _c1975. |
||
| 300 |
_a159 paginas ; _c17 cm. |
||
| 505 | _aContenido : Del arte en el Perú -- Iberia -- La herramienta -- Artes populares -- Otros ensayos... | ||
| 650 |
_aTécnicas pictóricas _932572 |
||
| 650 |
_aPintura al duco _932573 |
||
| 650 |
_aPintura mural _97581 |
||
| 710 |
_aInstituto Nacional de Cultura _99 |
||
| 942 |
_2ddc _cLIBROS |
||
| 945 |
_awnts _d2019-04-17 |
||